| 000 | 00516nam a22001697a 4500 | ||
|---|---|---|---|
| 005 | 20240103114847.0 | ||
| 010 | _aENG-135800 | ||
| 020 |
_a9789390961986 _c350.00 |
||
| 035 | _aEN-119332 | ||
| 037 | _bDBAD/PUB | ||
| 082 | _aS | ||
| 245 |
_aFourteen: _bSelected Short Stories from Across Continent/ |
||
| 260 |
_aNew Delhi _bVitasta Publishing Pvt. Ltd _c2022 |
||
| 270 |
_a2/15 Ansari Road Daryaganj _bNew Delhi _e110002 _minfo@vitastapublishing.com |
||
| 300 |
_axi, 251p. _c20cm(pbk) |
||
| 942 |
_2ddc _cEN _hS _mFOU |
||
| 999 |
_c194175 _d194175 |
||